000 00344nam a2200133Ia 4500
008 100122s9999 xx 000 0 und d
082 _b13309
_a50
245 _aकदंब
520 _aदिवाळी अंक 2005
620 _aदिवाळी अंक 2005
630 _aकदंब
730 _aकदंब
942 _cBOOK
999 _c386828
_d386825